আউরা / (Record no. 305)
[ view plain ]
| 000 -LEADER | |
|---|---|
| fixed length control field | 00816nam a2200241 a 4500 |
| 001 - CONTROL NUMBER | |
| JCCL Control Number | 305 |
| 003 - CONTROL NUMBER IDENTIFIER | |
| JCCL marc code | BD-JhCC |
| 005 - DATE AND TIME OF LATEST TRANSACTION | |
| control field | 20171012182830.0 |
| 008 - FIXED-LENGTH DATA ELEMENTS--GENERAL INFORMATION | |
| fixed length control field | 171003s2012 bg |||| |||| 000 0 ben d |
| 020 ## - INTERNATIONAL STANDARD BOOK NUMBER | |
| International Standard Book Number | 9789843338839 |
| 035 ## - SYSTEM CONTROL NUMBER | |
| system control number | (BD-JhCC) 305 |
| 040 ## - CATALOGING SOURCE | |
| Original cataloging agency | BD-JhCC |
| Modifying agency | BD-JhCC |
| 041 ## - LANGUAGE CODE | |
| Language code of Book | ben |
| 082 ## - DEWEY DECIMAL CLASSIFICATION NUMBER | |
| Author mark and Year | FUE 2012 |
| Classification number | 891.4 |
| 100 ## - MAIN ENTRY--PERSONAL NAME | |
| Personal name | ফুয়েন্তেস, কার্লোস |
| 245 ## - TITLE STATEMENT | |
| Title | আউরা / |
| Statement of responsibility, etc | কার্লোস ফুয়েন্তেস; আলীম আজিজ (অনু.) |
| 260 ## - PUBLICATION, DISTRIBUTION, ETC. (IMPRINT) | |
| Place of publication, distribution, etc | ঢাকা; |
| Name of publisher, distributor, etc | প্রথমা প্রকাশন, |
| Date of publication, distribution, etc | ২০১২ |
| 300 ## - PHYSICAL DESCRIPTION | |
| Pagination | ৮০ পৃ. : |
| Dimensions | ১৬ সে.মি. |
| 650 ## - SUBJECT ADDED ENTRY--TOPICAL TERM | |
| Topical term or geographic name as entry element | Novel |
| General subdivision | Latin Literature |
| 700 ## - ADDED ENTRY--PERSONAL NAME | |
| Personal name | আজিজ, আলীম |
| 942 ## - ADDED ENTRY ELEMENTS (KOHA) | |
| Source of classification or shelving scheme | Dewey Decimal Classification |
| Koha item type | Books |
| Source of classification or shelving scheme | Damaged status | Not for loan | Home library | Current library | Shelving location | Date of accession | Source of acquisition | Cost, normal purchase price | Total Checkouts | Full call number | Barcode | Date last seen | Date checked out | Copy number | Method of acquisition | Koha item type | Currency |
|---|---|---|---|---|---|---|---|---|---|---|---|---|---|---|---|---|---|
| Dewey Decimal Classification | JCC Rouf Library | JCC Rouf Library | General Stacks | 10/03/2017 | IPDC | 150.00 | 1 | 891.443 FUE 2012 | 1488 | 06/06/2024 | 05/02/2024 | C-1 | Purchase | Books | BDT |